000 00964nas a2200301 4500
001 BR2010000211
003 BR-BrBNA
005 20231205114031.0
007 ta
008 230509b bl.|||p| |||| 00| 00por d
040 _aBR-BrBNA
_bpor
_cBiblioteca Nacional de Agricultura
041 _a(Pt)
072 _aQ52
100 1 _aRibeiro, J.L.
100 1 _aNussio, L.G.
100 1 _aMourão, G.B.
100 1 _aQuiroz, O.C.M.
100 1 _aSantos, M.C.
100 1 _aSchimidt, P.
245 1 _aEfeitos de absorventes de umidade e de aditivos químicos e microbianos sobre o valor nutritivo, o perfil fermentativo e as perdas em silagens de capim-marandu
650 _aSILAGEM
650 _aCAPIM
650 _aVALOR NUTRITIVO
650 _aÁCIDO LÁTICO
773 0 _tRevista Brasileira de Zootecnia (Brazil)
_xISSN 1516-3598
_g(Feb 2009), v. 38(2) p. 230-239
_wBR2010000211
909 _a202311
_bLúcia
_c55
_dLúcia Elande
942 _2AGRIS
_n0
_cANA
999 _c206811
_d206811